02336cam a22003015a 4500999001700000005001700017008004100034020001800075040005000093041001300143082001900156240004300175245015600218260003300374300004600407490006500453504005000518520108800568546003201656650003801688651001001726653002401736700003801760700003501798700003601833942000801869952015701877 c26882d2685420190523125339.0130820t2014 gw a frb 001 0 eng d a9783642395239 aStDuBDSbengcStDuBDSdUkdEG-ScBUEdEG-ScBUE1 aenghger04a003.3bMOD22210aModellbildung und Simulation.lEnglish00aModeling and simulation :ban application-oriented introduction /cHans-Joachim Bungartz... [et al.] ; translated by Sabine Le Borne, Richard Le Borne. aBerlin :bSpringer,cc.2014. axiv, 413 p. :bill. (some col.) ;c24 cm.0 aSpringer undergraduate texts in mathematics and technology ; aIncludes bibliographical reference and index. aThis book provides an introduction to mathematical and computer-oriented modeling and to simulation as a universal methodology. It therefore addresses various model classes and their derivations. And it demonstrates the diversity of approaches that can be taken: be it discrete or continuous, deterministic or stochastic. A common underlying theme throughout the book are the means in which one obtains practical simulation results from these different abstract models. Subsequent to a brief review of the mathematical tools that are required, the concept of the simulation pipeline, "from model derivation to the simulation", is applied to 14 example scenarios from diverse fields such as "Game theory - deciding - planning", "Traffic on highways and data highways", "Dynamical systems" and "Physics in the computer". Whether it is game theory or mathematical finance, traffic or control theory, population dynamics or chaos, or molecular dynamics, continuum mechanics or computer graphics - the reader gains insight into the world of simulation in a descriptive yet systematic way. aTranslated from the German. 7aComputer simulation.2BUEsh95817 2BUEsh bCOMSCIcOctober20181 aBungartz, H.-J.,q(Hans-Joachim),1 aLe Borne, Sabine,etranslator.1 aLe Borne, Richard,etranslator. 2ddc 00102ddc40708BaccahaMAINbMAINcLOWd2018-10-14ePurchaseg449.90h2000088l1m6o003.3 MODp000043240r2022-08-24 00:00:00s2019-10-09v562.38yBB